000 00474nam a2200157Ia 4500
008 210716s2010 xx 000 0 und d
020 _a9788122431261
041 _aeng
082 _a519.3 CAMC
100 _aCamerer, Colin F.
245 _aBehavioral game theory: experiments in strategic interaction.
_bExperiments in strategic interaction.
250 _a1
260 _aNew Delhi
_bNew Age International Pvt Ltd
_c2010
300 _axv,550
650 _aGames of action
999 _c197335
_d197335